Clickable Tennessee Borders Quiz Stats

 Plays Quiz not verified by Sporcle

Score 0/8 Timer 00:30
0 Plays Today
% Correct
Kentucky
92.4%
Arkansas
92.4%
North Carolina
92.4%
Mississippi
89.9%
Alabama
89.9%
Missouri
86.1%
Virginia
86.1%
Georgia
81%

You're not logged in!

Compare scores with friends on all Sporcle quizzes.
OR
Log In

Sporcle TV

Today on Sporcle TV


Watch our educational content, quiz creation guides, and fun videos on Sporcle TV.

Show Comments

Extras

Top Quizzes Today


Score Distribution

Your Account Isn't Verified!

In order to create a playlist on Sporcle, you need to verify the email address you used during registration. Go to your Sporcle Settings to finish the process.

Report this User

Report this user for behavior that violates our Community Guidelines.

Details: